000 01033naa a22003017a 4500
001 BR8300186
003 BR-BrBNA
005 20240918175220.0
007 ta
008 230509b bl.||||| |||| 00| 0 por d
040 _aBR-BrBNA
_bpor
_cBiblioteca Nacional de Agricultura
041 _a(Pt)
072 _aH00
_b3870
090 _aH00 BR8300186
100 1 _aPuga, F.R.
100 1 _aMello, D. de
245 1 _aAspectos toxicologicos de pesticidas
246 1 _a[Toxicological aspects of pesticides]
246 1 _a[The use of pesticides and agronomic prescription book]
260 3 _aSao Paulo, SP (Brasil):
_bAgroedicoes,
_c1982.
500 _aUso de agrotoxicos e receituario agronomico Sao Paulo, SP (Brasil): Agroedicoes, 1982. p. 37-57 (BR8300186-AM)H00
650 _aDEFESA VEGETAL
650 _aPESTICIDA
650 _aTOXIDEZ
773 0 _tUso de agrotoxicos e receituario agronomico
_wH00 BR8300186
_gSao Paulo, SP (Brasil), 1982. p. 37-57
909 _a202404
_bLucia
_c55
_dLucia Elande
942 _cAM
_2AGRIS
999 _c315666
_d315666